| 000 | 00756nam a2200253 a 4500 | ||
|---|---|---|---|
| 001 | 868 | ||
| 003 | BR-CuiBMT | ||
| 005 | 20231128003919.0 | ||
| 008 | 231121s2014 spba 00| 0 por d | ||
| 020 | _a9788502214255 | ||
| 040 |
_aBR-CuiBMT _cBR-CuiBMT |
||
| 080 |
_22007 _a347.4 |
||
| 090 |
_a347.4 _bG635d _c15. ed. |
||
| 100 | 1 |
_aGonçalves, Carlos Roberto, _d1938- |
|
| 245 | 1 | 0 |
_aDireitos das obrigações : _bparte geral / _cCarlos Roberto Gonçalves. |
| 250 | _a15. ed. | ||
| 260 |
_aSão Paulo : _bSaraiva, _c2014. |
||
| 300 |
_a156 p. : _bil. color. ; _c21 cm |
||
| 490 | 1 |
_aColeção sinopses jurídicas ; _vv. 5 |
|
| 650 |
_aDireito civil _zBrasil |
||
| 650 | _aDireito das obrigações | ||
| 830 | 0 |
_aSinopses jurídicas ; _v5 |
|
| 942 |
_2udc _cLV |
||
| 999 |
_c868 _d868 |
||